[Event "SRB Team Chmp 2008"]
[Site "Subotica"]
[Date "2008.09.01"]
[Round "1.1"]
[White "Ivanovic, Bozidar"]
[Black "Marjanovic, Slavoljub"]
[Result "1/2-1/2"]
[WhiteElo "2436"]
[BlackElo "2479"]
[PlyCount "38"]
[EventDate "2008.09.01"]

1. e4 c5 2. Nf3 d6 3. d4 cxd4 4. Nxd4 Nf6 5. Nc3 a6 6. Bg5 e6 7. f4 Qb6 8. Nb3
Nbd7 9. Be2 Be7 10. Qd3 Qc7 11. O-O b5 12. a3 Bb7 13. f5 h6 14. fxe6 fxe6 15.
Bf4 e5 16. Bd2 O-O 17. Kh1 Rac8 18. Qh3 Rce8 19. Bf3 Nb6 1/2-1/2

[Event "SRB Team Chmp 2008"]
[Site "Subotica"]
[Date "2008.09.01"]
[Round "1.1"]
[White "Martinovic, Slobodan"]
[Black "Simic, Radoslav"]
[Result "1/2-1/2"]
[WhiteElo "2453"]
[BlackElo "2384"]
[PlyCount "28"]
[EventDate "2008.09.01"]

1. e4 e5 2. Nf3 Nf6 3. Nxe5 d6 4. Nf3 Nxe4 5. Nc3 Nxc3 6. dxc3 Be7 7. Be3 Nc6
8. Qd2 Be6 9. Ng5 Bxg5 10. Bxg5 f6 11. Be3 Qd7 12. b3 a6 13. O-O-O O-O-O 14. h3
Rhe8 1/2-1/2

[Event "SRB Team Chmp 2008"]
[Site "Subotica"]
[Date "2008.09.01"]
[Round "1.1"]
[White "Cvetkovic, Srdjan"]
[Black "Miljkovic, Miroslav D"]
[Result "1-0"]
[WhiteElo "2374"]
[BlackElo "2427"]
[PlyCount "61"]
[EventDate "2008.09.01"]

1. Nf3 d5 2. d4 Nf6 3. c4 c6 4. e3 e6 5. Nbd2 Nbd7 6. b3 Bd6 7. Bb2 O-O 8. Bd3
b6 9. O-O Bb7 10. Qe2 Qe7 11. e4 dxe4 12. Nxe4 Nxe4 13. Qxe4 Nf6 14. Qh4 h6 15.
Rfe1 Ba3 16. Bxa3 Qxa3 17. g4 Rfd8 18. g5 hxg5 19. Nxg5 Qb2 20. Bh7+ Kf8 21.
Rad1 Rd6 22. Bg6 fxg6 23. Qh8+ Ng8 24. Rd3 c5 25. d5 Ke7 26. Nxe6 Kd7 27. Nd4
Rd8 28. Qh3+ Kc7 29. Nb5+ Kb8 30. Nxd6 Rxd6 31. Qg3 1-0

[Event "SRB Team Chmp 2008"]
[Site "Subotica"]
[Date "2008.09.01"]
[Round "1.1"]
[White "Dudukovic, Nikola"]
[Black "Maksimovic, Branimir"]
[Result "0-1"]
[WhiteElo "2180"]
[BlackElo "2397"]
[PlyCount "96"]
[EventDate "2008.09.01"]

1. e4 e6 2. d4 d5 3. Nc3 Nf6 4. Bg5 Bb4 5. e5 h6 6. Bd2 Bxc3 7. bxc3 Ne4 8. Qg4
g6 9. Bd3 Nxd2 10. Kxd2 c5 11. h4 Qa5 12. Nf3 Nd7 13. Bxg6 Nb6 14. Bd3 Na4 15.
dxc5 Qxc3+ 16. Ke2 Bd7 17. Rab1 Nxc5 18. Qb4 Qxb4 19. Rxb4 Rc8 20. g4 b6 21.
Nd4 Ke7 22. f4 f6 23. exf6+ Kxf6 24. g5+ Ke7 25. Nf3 Be8 26. Ne5 hxg5 27. fxg5
Kd6 28. Ng4 Bh5 29. Kd2 e5 30. Bf5 Rcf8 31. Nf6 e4 32. c3 Rxf6 33. gxf6 Ke5 34.
Rf1 Bf3 35. Bh3 Rf8 36. f7 Rxf7 37. Bg4 Rf6 38. Bxf3 exf3 39. Ke3 Ne4 40. Rxf3
Rc6 41. Rb3 Nxc3 42. a3 Ne4 43. Rf8 d4+ 44. Ke2 Rc2+ 45. Kd3 Rd2+ 46. Kc4 Nd6+
47. Kb4 Rc2 48. a4 a5+ 0-1

[Event "SRB Team Chmp 2008"]
[Site "Subotica"]
[Date "2008.09.01"]
[Round "1.2"]
[White "Khenkin, Igor"]
[Black "Efimenko, Zahar"]
[Result "1/2-1/2"]
[WhiteElo "2655"]
[BlackElo "2670"]
[PlyCount "23"]
[EventDate "2008.09.01"]

1. d4 Nf6 2. c4 g6 3. Nc3 Bg7 4. e4 d6 5. h3 O-O 6. Be3 Na6 7. Bd3 e5 8. d5 Nd7
9. a3 f5 10. b4 Nf6 11. Nf3 c5 12. Rb1 1/2-1/2

[Event "SRB Team Chmp 2008"]
[Site "Subotica"]
[Date "2008.09.01"]
[Round "1.2"]
[White "Marinkovic, Slavisa"]
[Black "Antic, Dejan"]
[Result "1/2-1/2"]
[WhiteElo "2380"]
[BlackElo "2482"]
[PlyCount "56"]
[EventDate "2008.09.01"]

1. e4 e6 2. d4 d5 3. Nd2 c5 4. Ngf3 cxd4 5. exd5 Qxd5 6. Bc4 Qd6 7. O-O Nf6 8.
Nb3 Nc6 9. Nbxd4 Nxd4 10. Qxd4 Bd7 11. Be3 Qxd4 12. Bxd4 Rc8 13. Ne5 Bc5 14.
Rad1 Ke7 15. Nxd7 Bxd4 16. Rxd4 Nxd7 17. Rfd1 Ne5 18. Bb3 Rc7 19. c3 h6 20. h4
g5 21. f3 Ng6 22. hxg5 hxg5 23. Rg4 Kf6 24. Rc4 Rxc4 25. Bxc4 Ne5 26. Be2 Ke7
27. Kf2 Rh7 28. a3 b6 1/2-1/2

[Event "SRB Team Chmp 2008"]
[Site "Subotica"]
[Date "2008.09.01"]
[Round "1.2"]
[White "Novoselski, Zoran"]
[Black "Certic, Branimir"]
[Result "1/2-1/2"]
[WhiteElo "2388"]
[BlackElo "2392"]
[PlyCount "116"]
[EventDate "2008.09.01"]

1. e4 e6 2. d4 d5 3. e5 c5 4. c3 Ne7 5. Nf3 Nec6 6. Bd3 h6 7. O-O Nd7 8. Re1 a5
9. Bf1 a4 10. c4 Nb6 11. cxd5 Nxd5 12. Nc3 cxd4 13. Nxd4 Nxc3 14. bxc3 Nxd4 15.
cxd4 Bd7 16. d5 Bc5 17. Qg4 g6 18. d6 Bc6 19. Rb1 Qd7 20. Bd3 a3 21. Be4 Ra4
22. Qf3 Rxe4 23. Rxe4 f5 24. exf6 Kf7 25. Qd3 Qxd6 26. Qxd6 Bxd6 27. Re3 Ra8
28. Bd2 Bd5 29. Bc3 Rc8 30. h3 Rc4 31. Rd3 Rc7 32. Bb4 Bxb4 33. Rxb4 Rc1+ 34.
Kh2 Rc2 35. Kg3 Rxa2 36. Ra4 Rb2 37. Rdxa3 g5 38. h4 Kxf6 39. h5 b5 40. Ra7 b4
41. R3a6 b3 42. Rh7 Rd2 43. Rxh6+ Kf5 44. Rb6 b2 45. f3 Bc4 46. Kh3 g4+ 47.
fxg4+ Ke5 48. Kh4 Ba2 49. Rb5+ Kd4 50. Rf6 b1=Q 51. Rxb1 Bxb1 52. Rxe6 Rxg2 53.
Kg5 Be4 54. Ra6 Ke5 55. Ra5+ Ke6 56. Kf4 Bb1 57. Ra6+ Kf7 58. Kg5 Bd3 1/2-1/2

[Event "SRB Team Chmp 2008"]
[Site "Subotica"]
[Date "2008.09.01"]
[Round "1.3"]
[White "Predojevic, Borki"]
[Black "Ivanisevic, Ivan"]
[Result "1/2-1/2"]
[WhiteElo "2634"]
[BlackElo "2664"]
[PlyCount "25"]
[EventDate "2008.09.01"]

1. e4 e5 2. Nf3 Nc6 3. Bb5 a6 4. Ba4 Nf6 5. d3 b5 6. Bb3 Be7 7. O-O O-O 8. a4
Bb7 9. Nc3 b4 10. Nd5 Na5 11. Nxe7+ Qxe7 12. Ba2 d5 13. exd5 1/2-1/2

[Event "SRB Team Chmp 2008"]
[Site "Subotica"]
[Date "2008.09.01"]
[Round "1.3"]
[White "Pavlovic, Milos"]
[Black "Iordachescu, Viorel"]
[Result "1/2-1/2"]
[WhiteElo "2515"]
[BlackElo "2579"]
[PlyCount "27"]
[EventDate "2008.09.01"]

1. Nf3 Nf6 2. c4 c5 3. g3 Nc6 4. Bg2 d6 5. d4 cxd4 6. Nxd4 Bd7 7. Nc3 g6 8. O-O
Bg7 9. Nxc6 bxc6 10. b3 O-O 11. Bb2 Qa5 12. e3 Rad8 13. Qe2 Bg4 14. Qe1 1/2-1/2

[Event "SRB Team Chmp 2008"]
[Site "Subotica"]
[Date "2008.09.01"]
[Round "1.3"]
[White "Arsovic, Goran"]
[Black "Pavlovic, Milos M"]
[Result "1/2-1/2"]
[WhiteElo "2469"]
[BlackElo "2537"]
[PlyCount "65"]
[EventDate "2008.09.01"]

1. d4 Nf6 2. Nf3 e6 3. c4 d5 4. Nc3 Bb4 5. cxd5 exd5 6. Bg5 Nbd7 7. Qa4 Bxc3+
8. bxc3 O-O 9. e3 h6 10. Bh4 c5 11. Bd3 c4 12. Bb1 g5 13. Bg3 Ne4 14. Bxe4 dxe4
15. Nd2 Nb6 16. Qa3 f5 17. Be5 Be6 18. h4 g4 19. Rb1 Rf7 20. Nf1 Nd5 21. Ng3
Qd7 22. Ne2 Qc6 23. Nf4 Nxf4 24. Bxf4 h5 25. O-O b6 26. Rb2 Rd8 27. Rfb1 Rd5
28. Rb4 Ra5 29. Qb2 Rd7 30. Rb5 Rxb5 31. Qxb5 Qxb5 32. Rxb5 Rd5 33. Rxd5
1/2-1/2

[Event "SRB Team Chmp 2008"]
[Site "Subotica"]
[Date "2008.09.01"]
[Round "1.4"]
[White "Benkovic, Petar"]
[Black "Savic, Miodrag R"]
[Result "0-1"]
[WhiteElo "2479"]
[BlackElo "2519"]
[PlyCount "106"]
[EventDate "2008.09.01"]

1. Nf3 Nf6 2. c4 e6 3. Nc3 Bb4 4. Qc2 O-O 5. a3 Bxc3 6. Qxc3 b6 7. b4 Bb7 8.
Bb2 d6 9. e3 Nbd7 10. Be2 Qe7 11. O-O Rac8 12. d3 c5 13. b5 e5 14. a4 a5 15.
Rae1 Rfe8 16. e4 Nf8 17. g3 Ne6 18. Nh4 Nd4 19. Bd1 Nd7 20. Qd2 Rcd8 21. f4
exf4 22. Rxf4 Ne5 23. Bxd4 cxd4 24. Nf5 Qc7 25. Rff1 Qc5 26. Qf2 Bc8 27. Qd2
Bxf5 28. exf5 f6 29. Bf3 Nxf3+ 30. Rxf3 Re5 31. Rxe5 dxe5 32. Qe2 Qb4 33. g4 h6
34. Qe4 Qxa4 35. Qb7 Qd1+ 36. Kg2 Qe2+ 37. Kg3 e4 38. dxe4 Qe1+ 39. Kg2 Re8 40.
Qd5+ Kh7 41. Qxd4 Rxe4 42. Qxb6 Rxc4 43. h3 a4 44. Qf2 Qb1 45. Re3 Qxb5 46. Qf3
Qb8 47. Re2 Rf4 48. Qc6 a3 49. Qd5 Rb4 50. Qf7 Rb2 51. Rf2 Qa8+ 52. Kg3 Rxf2
53. Kxf2 a2 0-1

[Event "SRB Team Chmp 2008"]
[Site "Subotica"]
[Date "2008.09.01"]
[Round "1.5"]
[White "Drasko, Milan"]
[Black "Solak, Dragan"]
[Result "1/2-1/2"]
[WhiteElo "2508"]
[BlackElo "2596"]
[PlyCount "20"]
[EventDate "2008.09.01"]

1. d4 d5 2. c4 c6 3. e3 Nf6 4. Nc3 a6 5. Qc2 b5 6. b3 Bg4 7. Nge2 Nbd7 8. h3
Bh5 9. Nf4 Bg6 10. Nxg6 hxg6 1/2-1/2

[Event "SRB Team Chmp 2008"]
[Site "Subotica"]
[Date "2008.09.01"]
[Round "1.5"]
[White "Kovacevic, Aleksandar"]
[Black "Djuric, Stefan"]
[Result "1-0"]
[WhiteElo "2585"]
[BlackElo "2462"]
[PlyCount "57"]
[EventDate "2008.09.01"]

1. e4 e5 2. Nf3 Nc6 3. Bb5 a6 4. Ba4 Nf6 5. O-O Be7 6. Re1 b5 7. Bb3 O-O 8. h3
Bb7 9. d3 d6 10. a3 Qd7 11. Nbd2 Rad8 12. Nf1 d5 13. exd5 Nxd5 14. Nxe5 Nxe5
15. Rxe5 Bf6 16. Re1 c5 17. Qg4 Qc6 18. Nd2 g6 19. Nf3 h5 20. Qg3 c4 21. dxc4
bxc4 22. Ba2 Kg7 23. Ne5 Bxe5 24. Rxe5 Nf6 25. Be3 h4 26. Qg5 Nh7 27. Qh6+ Kg8
28. f3 c3 29. b4 1-0

[Event "SRB Team Chmp 2008"]
[Site "Subotica"]
[Date "2008.09.01"]
[Round "1.5"]
[White "Popovic, Dusan"]
[Black "Kosanovic, Goran A"]
[Result "1-0"]
[WhiteElo "2551"]
[BlackElo "2393"]
[PlyCount "43"]
[EventDate "2008.09.01"]

1. e4 e6 2. d3 d5 3. Qe2 c5 4. Nf3 Nc6 5. g3 Nf6 6. Bg2 Be7 7. O-O O-O 8. e5
Nd7 9. c4 Nb6 10. h4 dxc4 11. dxc4 Nd4 12. Nxd4 Qxd4 13. Na3 Qd8 14. Rd1 Nd7
15. Nb5 a6 16. Nd6 Bxd6 17. Rxd6 Qc7 18. Bf4 Nb8 19. Rad1 Bd7 20. Qg4 Kh8 21.
Bg5 Be8 22. Rd8 1-0

[Event "SRB Team Chmp 2008"]
[Site "Subotica"]
[Date "2008.09.01"]
[Round "1.6"]
[White "Dujkovic, Sinisa"]
[Black "Leskur, Dejan"]
[Result "1/2-1/2"]
[WhiteElo "2401"]
[BlackElo "2444"]
[PlyCount "22"]
[EventDate "2008.09.01"]

1. e4 d6 2. d4 Nf6 3. Nc3 g6 4. g3 Bg7 5. Bg2 O-O 6. Nge2 e5 7. O-O Nc6 8. dxe5
dxe5 9. Bg5 Be6 10. Nd5 Bxd5 11. exd5 Ne7 1/2-1/2